| 000 | 00000nam##2200000za#4500 |
| 001 | 9.603293 |
| 003 | CaOODSP |
| 005 | 20210624211014 |
| 007 | cr ||||||||||| |
| 008 | 150406|2003||||xxc|||||o f|0| 0 fre|d |
| 040 | |aCaOODSP|bfre |
| 043 | |an-cn--- |
| 086 | 1 |aBT31-4/34-2003F-PDF |
| 110 | 1 |aCanada. |bConseil du trésor. |
| 245 | 10|aTribunal de la concurrence - rapport sur le rendement pour la période se terminant le 31 mars 2003 |h[ressource électronique] |
| 260 | |bSecrétariat du Conseil du Trésor du Canada |c2003. |
| 300 | |a24p.|btableaux |
| 490 | 1 |aRapport sur le rendement pour la période se terminant le 31 mars 2003 |
| 500 | |aLe n° de catalogue (BT31-4/34-2003) et l'ISBN (0-660-62383-8) de l'édition imprimée bilingue ont été incorrectement copiés dans cette édition électronique. |
| 590 | |a12-06-Supp|b2012-03-07 |
| 775 | 08|tCompetition Tribunal, performance report for the period ending March 31, 2003 |w(CaOODSP)9.573056 |
| 776 | 0#|tTribunal de la concurrence |w(CaOODSP)9.538311 |
| 776 | 0#|tCompetition Tribunal |w(CaOODSP)9.538310 |
| 830 | #0|aRapport sur le rendement pour la période se terminant le 31 mars 2003.|w(CaOODSP)9.501309 |
| 856 | 40|ahttp://publications.gc.ca|qPDF|s1.27 Mo|uhttps://publications.gc.ca/collections/collection_2012/sct-tbs/BT31-4-34-2003-fra.pdf |